000 00595nam a2200229Ia 4500
003 0100
008 130303s9999 xx 000 0 und d
020 _a0787944602
040 _cARRUPELIB
050 _aLC5805.P35 1999
100 _aPalloff, Rena M.
245 _aBuilding learning communities in Cyberspace
245 _bEffective strategies for the online classroom
260 _aSan Francisco
260 _bJossey-Bass
260 _C1999
300 _axxiv
300 _b 206p. 24cm.
650 _bHegel, Georg Wilhelm Friedrich
700 _aPratt, Keith
942 _2lcc
_01
999 _c66233
_d66233